| 000 | 00924nam a2200241Ia 4500 | ||
|---|---|---|---|
| 001 | 16885 | ||
| 003 | GE_BSU | ||
| 008 | 181216s||||||||xx |||||||||||||| ||und|| | ||
| 040 | _cGE_BSU | ||
| 080 | _a37.018.1 + 371.12.011.31-051(479.22) | ||
| 100 | _aბოცვაძე, ნ. | ||
| 245 | _aნორჩ მეგობრებთან ერთად | ||
| 245 | _bმასწავლებლის მოგონება | ||
| 245 | _cრედ.გ.თავზიშვილი | ||
| 260 | _aთბილისი | ||
| 260 | _bნაკადული | ||
| 260 | _c1960 | ||
| 300 | _a197გვ. : ილ. 1ფ. პორტრ. ; 22სმ. | ||
| 653 | _aბავშვთა აღზრდა; ქართველი მასწავლებლები; | ||
| 653 | _aნორჩ მეგობრებთან ერთად | ||
| 653 | _aპედაგოგიკა | ||
| 942 | _cBK | ||
| 999 |
_c49949 _d49949 |
||